| 000 | 01092nac a22002651u 4500 | ||
|---|---|---|---|
| 008 | 100921t xxu||||| |||| 00| 0 eng d | ||
| 010 | _a 74072404 | ||
| 020 | _a0316807141 | ||
| 082 | 0 | 0 |
_a616.026 _bSPI |
| 100 |
_aSpivak, Jerry L. _919648 |
||
| 245 | 1 | 0 |
_aManual of Clinical Problems in Internal Medicine : _bAnnotated with Key References / _cJerry L. Spivak, H. Verdain Barnes ; Foreword by A. McGehee Harvey. |
| 250 | _a2nd ed. | ||
| 260 |
_aBoston : _bLittle, Brown, _cc1978. |
||
| 300 |
_axvi, 513 p. ; _c22 cm. |
||
| 490 | 0 |
_aLittle, Brown's paperback book series _919649 |
|
| 500 | _aDonations. | ||
| 500 | _aDonations - Bibliotheca Alexandrina. | ||
| 504 | _aIncludes bibliographical references and index. | ||
| 650 | 0 |
_aInternal medicine _919650 |
|
| 650 | 0 |
_aPathology. _93807 |
|
| 650 | 0 |
_aDiagnosis, Differential _919647 |
|
| 700 | 1 |
_aBarnes, H. Verdain _q(Herman Verdain), _d1935- _919651 |
|
| 942 |
_cBB _k616.026 SPI _2ddc |
||
| 999 |
_c3483 _d3483 |
||